| 000 | 00516nam a22001697a 4500 | ||
|---|---|---|---|
| 999 |
_c7117 _d7117 |
||
| 003 | GBCCL | ||
| 005 | 20241126110620.0 | ||
| 008 | 180710b ||||| |||| 00| 0 eng d | ||
| 040 | _cGBC | ||
| 082 |
_a305.8095417 _bPIA |
||
| 100 |
_aPiangzathang _912599 |
||
| 245 |
_aA Story of the Guite Chiefs/ _cPiangzathang |
||
| 260 |
_aChurachandpur: _bLuanzaching, _c1982. |
||
| 300 |
_a68 p.; _bIllustrations, Pic., _c12 x 16 cm. |
||
| 650 |
_aChiefdoms - India - Manipur _vGuite - History - Manipur _912600 |
||
| 942 |
_2ddc _cBK _01 |
||